000 00522nam a22001937a 4500
003 KOHA_MİRAKIL
005 20251116152752.0
008 251116b tu ||||| |||| 00| 0 tur d
020 _a9786257188111
040 _aTR-AnABB
_btur
_cTR-AnABB
041 _atur
082 _a813.42
_bZAR 2020
100 1 _aZarifoğlu, Cahit,
245 1 0 _aİns /
_cCahit Zarifoğlu
260 _aİstanbul :
_bBeyan Yayınları,
_c2020
300 _a107 sayfa ;
_c21 cm
650 0 4 _aTürk edebiyatı, roman
942 _2ddc
_cBK
999 _c9439
_d9439
900 _bGizem YORULMAZ